European Countries Based on their Name in a Regional/Minority Language - Statistics

General Stats
  • This quiz has been taken 66 times
  • The average score is 20 of 44
Answer Stats
Name in Minority Language Name in English and Language of the Question % Correct
Bosnje dhe Hercegovinë (Country) Bosnia and Herzegovina
96%
Ausztria (Country) Austria
91%
Dänemark (Country) Denmark
82%
Republika Czeska (Country) Czech Republic
77%
Ungaria (Country) Hungary
77%
Espainia (Country) Spain
72%
Nederlân (Country) Netherlands
70%
Slovensko (Country) Slovakia
70%
Romanya (Country) Romania
68%
Αρμενία (Language) Greek
67%
Norja (Country) Norway
67%
Chorvatsko (Country) Croatia
63%
Украіна (Country) Ukraine
60%
Svizra (Country) Switzerland
58%
Bosnje dhe Hercegovinë (Language) Albanian
56%
Dänemark (Language) German
54%
Y Deyrnas Unedig (Country) United Kingdom
54%
Slovensko (Language) Czech
49%
Αρμενία (Country) Armenia
47%
Republika Czeska (Language) Polish
47%
Сербія (Country) Serbia
47%
Финляндия (Country) Finland
46%
Ausztria (Language) Hungarian
46%
Espainia (Language) Basque
42%
Ungaria (Language) Romanian
42%
Svizra (Language) Romansh
42%
Y Deyrnas Unedig (Language) Welsh
42%
Nederlân (Language) Frisian
40%
Կիպրոս (Language) Armenian
39%
Украіна (Language) Belarusian
37%
Tyskland (Country) Germany
35%
Norja (Language) Finnish
33%
פוילן (Language) Yiddish
33%
Tyskland (Language) Danish
30%
Сербія (Language) Ukrainian
25%
Crna Gora (Language) Croatian
21%
Chorvatsko (Language) Czech
21%
Ruoŧŧa (Country) Sweden
19%
פוילן (Country) Poland
14%
Romanya (Language) Turkish
14%
Կիպրոս (Country) Cyprus
12%
Crna Gora (Country) Montenegro
12%
Ruoŧŧa (Language) Northern Sámi
11%
Финляндия (Language) Tatar
2%
No matching quizzes found
Score Distribution
Percent of People with Each Score
Percentile by Number Answered
Your Score History
You have not taken this quiz